| 000 | 00584nam a22001577a 4500 | ||
|---|---|---|---|
| 003 | OSt | ||
| 005 | 20150912112311.0 | ||
| 008 | 150912b xxu||||| |||| 00| 0 eng d | ||
| 040 | _cRUA | ||
| 082 | _aAGR HEN 1996 BOO17 Or.1 | ||
| 100 |
_9307 _aHENG, VUTHY |
||
| 245 | _aVc2767a mungabean experement at kaban koh vegetable research station,(ការពិសោធន៍ពូជសណ្តែកបាយVC2768A នៅស្ថានីយ៍ពិសោធន៍ពូជក្បាលកោះ) | ||
| 260 |
_aphnomphen _bRUA _c1996 |
||
| 300 |
_a67p. _bill. _c29cm. |
||
| 942 |
_2ddc _cAGR |
||
| 999 |
_c284 _d284 |
||